الإحصائيات لـ دول الوطن العربي

أنقر هنا لكي تخضع للإختبار!

الإحصائيات العامة

  • هذا الإختبار تم الخضوع له 2 706 مره
    (2 691 منذ آخر إعادة)
  • الدرجة المتوسطة هي 15 من 22

Answers on the Map

Answers color-coded by a green-red scale on the quiz's map according to % correct below.
 

إحصائيات الإجابة

Answer% صحيح
مصر
93%
المغرب
91%
الجزائر
90%
تونس
88%
ليبيا
86%
السعودية
82%
السودان
74%
سوريا
70%
العراق
70%
قطر
69%
لبنان
66%
فلسطين
66%
اليمن
65%
الأردن
65%
موريتانيا
64%
الإمارات
63%
عمان
61%
الكويت
58%
البحرين
58%
الصومال
50%
جزر القمر
31%
جيبوتي
31%

توزيع النقاط

النسبة وفقا للأرقام

نسبة الأشخاص لكل درجة

سجل النقاط الخاصة بك

لم تخضع لهذا الإختبار منذ آخر إعادة